000 00775nam a22002177a 4500
999 _c4666
_d4666
003 AR-CdUCM
008 190311b ||||| |||| 00| 0 spa d
040 _aMUNICIPALIDAD PROVINCIAL DEL CUSCO
_cBIBLIOTECA MUNICIPAL DEL CUSCO
082 _a869.62 /
_bM42
100 _aMena Villamar, Claudio
_914513
245 _aTrazos /
260 _aQuito :
_bEditorial la unión,
_c1964.
300 _a98 paginas ;
_c17 cm.
500 _aDonación familia Nieto.
505 _aContenido :En busca de un arte hispanoamericano -- El cine es arte -- La imagen y la obra de arte -- Velásquez, cumbre y mediodía.
650 _aSociedades contemporánea
_914514
650 _aArte ecuatoriano
_914515
650 _aLiteratura contemporánea
_9759
942 _2ddc
_cLIBROS
945 _arum